Vista normal
Vista MARC
Entrada Materia (personas)
Número de registros utilizados en: 1
001 - CONTROL NUMBER
- control field: 77415
003 - CONTROL NUMBER IDENTIFIER
- control field: Co-BoUCM
005 - DATE AND TIME OF LATEST TRANSACTION
- control field: 20160525162129.0
008 - FIXED-LENGTH DATA ELEMENTS
- fixed length control field: 160525|| aca||aabn | a|a d
040 ## - CATALOGING SOURCE
- Original cataloging agency: Co-BoUCM
- Transcribing agency: Co-BoUCM
100 ## - HEADING--PERSONAL NAME
- Personal name: Frayssinous, D.
- Dates associated with a name: 1765-1841
- Fuller form of name: (Denis)
670 ## - SOURCE DATA FOUND
- Source citation: Work cat.: (Co-BoUCM): Frayssinous, D. 1765-1841 (Denis), Defensa del cristianismo, 1838